000 00517nam a2200169 i 4500
001 65585
003 ES-MaACL
005 20230906165424.0
007 t|
008 040116s1973 sp ||||1| spa d
100 1 _aFrimmer, M.
_952665
245 1 0 _aFarmacología y toxicología veterinaria /
_cM. Frimmer ; traducido por Juaquín Camón Urgel.
260 _aZaragoza :
_bAcribia,
_c[1973]
300 _a341 p. :
_bil. ;
_c24 cm.
700 1 _aCamón Urgel, Joaquín.
_934096
852 _aES-MaACL
_jC-54301
_bR.87156
999 _c65585
_d65585